تا ر يخ تد و يں و جمع قر آ ں (Record no. 70496)

MARC details
000 -LEADER
fixed length control field 00870nam a22001937a 4500
005 - DATE AND TIME OF LATEST TRANSACTION
control field 20120912164212.0
010 ## - LCCN (DPL NO)
LC control number B-483260
020 ## - INTERNATIONAL STANDARD BOOK NUMBER
Terms of availability 40.00
035 ## - SYSTEM CONTROL NUMBER
System control number B-483260
037 ## - SOURCE OF ACQUISITION
Source of stock number/acquisition BPPD
100 ## - MAIN ENTRY--PERSONAL NAME
Personal name مو لف: ا سما عيل احمد الطحا ں
245 ## - TITLE STATEMENT
Title تا ر يخ تد و يں و جمع قر آ ں
Statement of responsibility, etc مو لف:اسما عيل احمد ا لطحا ں
246 ## - VARYING FORM OF TITLE
Title proper/short title Tareekh -e- Tadreen wa Jama -e- Quran
Remainder of title By Dr. Ismail Ahmad Al Tahhan
260 ## - PUBLICATION, DISTRIBUTION, ETC. (IMPRINT)
Place of publication, distribution, etc 1781-حو ض سو يو ا لا ں نئ دھلی-2
Name of publisher, distributor, etc ا سلا مک بک فا ؤ نڈ يشن
Date of publication, distribution, etc 2011
300 ## - PHYSICAL DESCRIPTION
Extent 56 ص
Dimensions 22 Cm.(P.b)
500 ## - GENERAL NOTE
General note دو حصہ
942 ## - ADDED ENTRY ELEMENTS (KOHA)
Source of classification or shelving scheme Dewey Decimal Classification
Item type Urdu Bks
Classification part 270.9
Call number suffix ق ر آ
Holdings
Withdrawn status Lost status Not for loan Collection code Home library Current library Date acquired Source of acquisition Cost, normal purchase price Full call number Barcode Copy number Cost, replacement price Koha item type
  Written-off vide DLB M. No. 383 dt 16.05.19   Non-fiction Central Library Central Library 04/10/2012 K.K Pub.//7/42/22/20.03.12/25/17.04.12 40.00 270.9 ق ر آ B-483260 1 40.00 Children Books

© Delhi Public Library
Hit Counter
free hit counter